000 00789nab a2200241 u 4500
001 12953
003 HDC
007 cr bn ---aaaaa
008 210211c my dr|nes 0 may d
040 _aHDC
245 0 _aKimma Rancang Buka 400 Halal Mart Dalam Tempoh Lima Tahun
260 _a[no place] :
_b[publisher not identified],
_c[no year]
336 _atext
_2rdacontent
337 _acomputer
_2rdamedia
338 _aonline resource
_2rdacarrier
650 _aBumiputera product
_99553
650 _aHalal mart
_910346
710 _aBernama
856 _zRequest full-text at [email protected]
942 _2lcc
942 _cNEWS
942 _kNWSO 002768
999 _c10269
_d10269